Modeling of frame 5 of super mushshak aircraft in solid edge and its analysis in ANSYS (Record no. 323027)

000 -LEADER
fixed length control field 00383 a2200133 4500
001 - CONTROL NUMBER
control field 87954
082 ## - DEWEY DECIMAL CLASSIFICATION NUMBER
Classification number PR 313
090 ## - LOCALLY ASSIGNED LC-TYPE CALL NUMBER (OCLC); LOCAL CALL NUMBER (RLIN)
-- 41424
-- 41424
100 ## - MAIN ENTRY--PERSONAL NAME
Personal name Zubair Jami; Iqbal Rasool, prof
245 ## - TITLE STATEMENT
Title Modeling of frame 5 of super mushshak aircraft in solid edge and its analysis in ANSYS
Number of part/section of a work G-58
260 ## - PUBLICATION, DISTRIBUTION, ETC.
Place of publication, distribution, etc. Risalpur
Name of publisher, distributor, etc. NUST
Date of publication, distribution, etc. 2003
300 ## - PHYSICAL DESCRIPTION
Extent 40 p.
500 ## - GENERAL NOTE
General note BE project reports AE
942 ## - ADDED ENTRY ELEMENTS (KOHA)
Institution code [OBSOLETE] CAE NUST
Call number prefix PR 313
Holdings
Withdrawn status Lost status Damaged status Not for loan Collection code Permanent Location Current Location Date acquired Total Checkouts Full call number Barcode Date last seen Price effective from Koha item type
          College of Aeronautical Engineering (CAE) College of Aeronautical Engineering (CAE) 04/03/2017   PR 313 CAEPR-313 04/05/2017 04/05/2017 Book
© 2023 Central Library, National University of Sciences and Technology. All Rights Reserved.